000 01005nam a2200265Ia 4500
003 OSt
005 20221005105726.0
006 a|||||r|||| 00| 0
007 ta
008 221004b |||||||| |||| 00| 0 hin d
020 _a9788174533296 (hbk)
_c250
024 _a102851
037 _b410, 23/03/2010, Swaraj Prakashan
_cTextual
040 _aCRL
_cCRL
_bhin
041 _2hin
_ahin
082 _aO152,1L53,1:g, P9
100 _aपद्माकर
245 0 _aजगद्विनोद में रस - निरूपण
246 _aJagadvinod mean ras - nirūpaṇa
260 _aनई दिल्ली
_bसंजय प्रकाशन भारत
_c2009
300 _a131पृ0
_ccm.
700 _a रावत, चन्द्रमोहन सिंह
942 _hO152,1L53,1:g, P9
_cTEXL
_2cc
999 _c1016716
_d1016716